000 00958nam a22002657a 4500
001 BD-DhSAU
003 BD-DhSAU
005 20250114161946.0
008 150420b2005 bg ||||| m||| 00| 0 eng d
040 _aBD-DhSAU
082 _222
_a635
_bJ261
100 _aJERIN, JANNATUL FERDOUS
_eRegistration No. # 15-06777
245 _aEffect of postharvest treatments on shelf life and quality of tomato /
_bMS thesis
260 _aSher-e-Bangla Agricultural University:
_bDepartment of Horticulture,
_c2023.
300 _aviii, 56p. ;
_c30 cm.
500 _aMS thesis of Horticulture, Faculty of Agriculture , Sher-e-Bangla Agricultural University, Dhaka, Bangladesh
504 _aIncludes bibliographical reference.
590 _aNazmul
650 _apostharvest treatments
651 _atomato
700 _aProf. Dr. Md. Nazrul Islam
_eSuperviser
700 _aProf. Dr. Shormin Choudhury
_eCo-superviser
942 _2ddc
_cTHESIS
999 _c17764
_d17763